| 000 | 00802nam a22002177a 4500 | ||
|---|---|---|---|
| 999 |
_c17232 _d17232 |
||
| 003 | AR-CdUCM | ||
| 008 | 190410b ||||| |||| 00| 0 spa d | ||
| 040 |
_aMUNICIPALIDAD PROVINCIAL DEL CUSCO _cBIBLIOTECA MUNICIPAL DEL CUSCO |
||
| 082 |
_a985.61 / _bA37 |
||
| 100 |
_aAlencastre Montufar, Gustavo _9778 |
||
| 245 | _aHistorias fantásticas del Perú colonial / | ||
| 260 |
_aCusco : _bPachacuti el grande, _c1976. |
||
| 300 |
_a214 páginas ; _c20 cm. |
||
| 440 |
_aLecturas peruanas escogidas _n1 _930797 |
||
| 505 | _aContenido : Héroes legendarios y personajes mesiánicos -- Mitos sobre el origen del hombre -- Mitos, leyendas y fabulas singulares... | ||
| 650 |
_aHistoria _9246 |
||
| 650 |
_a Cusqueña _928622 |
||
| 650 |
_aPerú colonial _930798 |
||
| 942 |
_2ddc _cLIBROS |
||
| 945 | _arcc | ||